[Event "Veteranklassen 2014"]
[Site "Skorping"]
[Date "2014.04.17"]
[Round "1"]
[White "Eriksen, Allan"]
[Black "Jarlnaes, Erik"]
[Result "0-1"]
[WhiteElo "1536"]
[BlackElo "1795"]
[PlyCount "88"]
[EventDate "2014.??.??"]

1. e4 e6 2. d4 d5 3. exd5 exd5 4. Nc3 c6 5. Nf3 Bd6 6. Be2 Qc7 7. h3 Bf5 8. O-O
Ne7 9. Re1 Nd7 10. Bd3 Bxd3 11. Qxd3 f6 12. Nh4 O-O-O 13. Nf5 Nxf5 14. Qxf5
Rhe8 15. Be3 g6 16. Qd3 Re6 17. Re2 Rde8 18. Rae1 Nb6 19. b3 Qf7 20. a4 Nd7 21.
Na2 f5 22. c4 f4 23. Bd2 Rxe2 24. Rxe2 Rxe2 25. Qxe2 Nf6 26. c5 Bc7 27. f3 Nh5
28. Be1 Kd7 29. Nc1 Qf6 30. Bf2 Ng3 31. Qd2 Nf5 32. Ne2 Ng7 33. b4 Qf5 34. Qb2
Qd3 35. Kh2 Nf5 36. b5 Ne3 37. bxc6+ bxc6 38. Bxe3 fxe3+ 39. g3 Qd1 40. Kg2 Qe1
41. f4 h5 42. Qc2 h4 43. Qd3 Qf2+ 44. Kh1 hxg3 0-1

[Event "Veteranklassen 2014"]
[Site "Skorping"]
[Date "2014.04.17"]
[Round "1"]
[White "Mikkelsen, Hans Jorgen"]
[Black "Overgaard, Jorgen"]
[Result "0-1"]
[WhiteElo "1449"]
[BlackElo "1666"]
[PlyCount "56"]
[EventDate "2014.??.??"]

1. e4 e5 2. Nf3 f5 3. d3 fxe4 4. dxe4 Nc6 5. Bb5 Nf6 6. O-O d6 7. Re1 Be7 8. h3
O-O 9. c3 Bd7 10. Bg5 Qe8 11. Ba4 Qg6 12. Bxf6 Qxf6 13. Bb3+ Kh8 14. Nbd2 g5
15. Re3 g4 16. hxg4 Bxg4 17. Kf1 Qh6 18. Ke2 Bg5 19. Rd3 Rf6 20. Qh1 Bxd2 21.
Rxd2 Qf4 22. Bc2 Raf8 23. Rf1 Rh6 24. Qg1 Rg6 25. Qh1 Rh6 26. Qg1 Bxf3+ 27.
gxf3 Qxf3+ 28. Ke1 Rg8 0-1

[Event "Veteranklassen 2014"]
[Site "Skorping"]
[Date "2014.04.17"]
[Round "1"]
[White "Niebuhr, Poul Erik"]
[Black "Pedersen, Frank Svenning"]
[Result "1-0"]
[WhiteElo "1730"]
[BlackElo "1534"]
[PlyCount "57"]
[EventDate "2014.??.??"]

1. d4 d5 2. Nf3 Nf6 3. c4 dxc4 4. Nc3 e6 5. Bg5 Be7 6. e3 O-O 7. Bxc4 c6 8. O-O
Nbd7 9. Qc2 Nd5 10. Bxe7 Qxe7 11. a3 N5f6 12. e4 Nb6 13. Bd3 g6 14. e5 Nfd5 15.
Ne4 Nf4 16. Nf6+ Kg7 17. Ng5 h6 18. Nge4 Nxd3 19. Qxd3 Nd5 20. f4 Rh8 21. g4 a5
22. Qg3 b6 23. Rac1 Ba6 24. Rf2 Bb5 25. f5 Qc7 26. fxg6 fxg6 27. Nd6 Ba4 28.
Nxd5 exd5 29. b3 1-0

[Event "Veteranklassen 2014"]
[Site "Skorping"]
[Date "2014.04.17"]
[Round "1"]
[White "Nielsen, Bent K"]
[Black "Jorgensen, Orla Eilegaard"]
[Result "0-1"]
[WhiteElo "1680"]
[BlackElo "1511"]
[PlyCount "73"]
[EventDate "2014.??.??"]

1. e4 c6 2. d3 d5 3. exd5 cxd5 4. g3 Nf6 5. Bg2 Nc6 6. Bd2 Qb6 7. Qc1 Bf5 8.
Nf3 h6 9. O-O e6 10. h3 Bd6 11. Be3 d4 12. Bd2 Rc8 13. Na3 Bb8 14. Nc4 Qd8 15.
Re1 b5 16. Nce5 Nxe5 17. Nxe5 Bxe5 18. Rxe5 Bxd3 19. Qe1 Rxc2 20. Rxb5 Bxb5 21.
Ba5 Qd6 22. Bb4 Qd7 23. Qe5 Qc7 24. Qxb5+ Nd7 25. Bb7 Qb6 26. Qxb6 axb6 27. Bc6
f6 28. Rd1 e5 29. Rd3 Rxb2 30. Ra3 Kf7 31. Bd5+ Kg6 32. h4 Nc5 33. h5+ Kxh5 34.
Ra7 g6 35. Bf3+ Kg5 36. Rf7 Re8 37. Bb7 0-1

[Event "Veteranklassen 2014"]
[Site "Skorping"]
[Date "2014.04.17"]
[Round "1"]
[White "Rendlev, Niels Moller"]
[Black "Lichtenberg, Ivan"]
[Result "1-0"]
[WhiteElo "1652"]
[BlackElo "1246"]
[PlyCount "35"]
[EventDate "2014.??.??"]

1. g3 d5 2. f4 Nc6 3. Nf3 Nf6 4. Bg2 e6 5. d3 Bc5 6. e3 O-O 7. Qe2 Re8 8. d4
Bb6 9. O-O Ne7 10. c3 c5 11. Nbd2 a6 12. Ne5 cxd4 13. exd4 Qc7 14. Ndf3 Nd7 15.
Kh1 Ba7 16. Nxf7 Kxf7 17. Ng5+ Kg6 18. Nxe6 1-0

[Event "Veteranklassen 2014"]
[Site "Skorping"]
[Date "2014.04.17"]
[Round "1"]
[White "Riis, Jens"]
[Black "Laursen, Bjorn"]
[Result "1/2-1/2"]
[WhiteElo "1529"]
[BlackElo "1721"]
[PlyCount "49"]
[EventDate "2014.??.??"]

1. d4 d5 2. c4 c6 3. cxd5 cxd5 4. Nc3 e6 5. e3 Nf6 6. Bd2 Nc6 7. Nf3 Bb4 8. Bd3
O-O 9. O-O Re8 10. Qc2 Qe7 11. e4 dxe4 12. Nxe4 h6 13. Nxf6+ Qxf6 14. Be4 Qe7
15. Bxc6 bxc6 16. Qxc6 Bb7 17. Bxb4 Qxb4 18. Qc3 Qxc3 19. bxc3 Bxf3 20. gxf3
Rac8 21. Rac1 Rc4 22. Rfd1 Rec8 23. Rd3 Rb8 24. Rc2 Kf8 25. Kg2 1/2-1/2

[Event "Veteranklassen 2014"]
[Site "Skorping"]
[Date "2014.04.17"]
[Round "1"]
[White "Riis, Niels"]
[Black "Markussen, Benno Orvad"]
[Result "0-1"]
[WhiteElo "1070"]
[BlackElo "1648"]
[PlyCount "49"]
[EventDate "2014.??.??"]

1. e4 c5 2. Bc4 Nc6 3. Nf3 e6 4. Nc3 a6 5. a3 Qc7 6. d3 Nf6 7. O-O Be7 8. Bg5
h6 9. Bh4 d6 10. Qd2 Bd7 11. d4 cxd4 12. Nxd4 Ne5 13. Ba2 Ng6 14. Bg3 e5 15.
Nde2 Bc6 16. Nd5 Nxd5 17. Bxd5 Bb5 18. f4 Bxe2 19. Qxe2 Bf6 20. fxe5 Nxe5 21.
Bxe5 dxe5 22. Rf5 Bd8 23. Raf1 Rf8 24. Rxf7 Rxf7 25. Rxf7 0-1

[Event "Veteranklassen 2014"]
[Site "Skorping"]
[Date "2014.04.17"]
[Round "1"]
[White "Ostergaard, Ole"]
[Black "Poulsen, Gunner"]
[Result "1-0"]
[WhiteElo "1620"]
[BlackElo "1041"]
[PlyCount "83"]
[EventDate "2014.??.??"]

1. e4 e5 2. Bc4 Nc6 3. d3 Be7 4. f4 exf4 5. Bxf4 d6 6. Nf3 Nf6 7. O-O Bg4 8. c3
Qd7 9. b4 Ne5 10. Qb3 O-O 11. Bxe5 dxe5 12. Nxe5 Qe8 13. Nf3 b5 14. Bxf7+ Rxf7
15. Ne5 Bh5 16. Nxf7 Bxf7 17. Qc2 Bd6 18. d4 Bg6 19. Nd2 Qe7 20. Rae1 Re8 21.
Qb3+ Bf7 22. Qa3 Nxe4 23. Rxe4 Qd7 24. Rxe8+ Qxe8 25. Qb2 h6 26. Rxf7 Qxf7 27.
Qb3 c6 28. g3 g5 29. Kg2 Kg7 30. Qxf7+ Kxf7 31. Kf3 Kg6 32. Nb3 Kf5 33. Na5 g4+
34. Ke3 h5 35. Nxc6 Kg5 36. Ke4 h4 37. Ne5 Bc7 38. d5 Bb8 39. d6 Kh5 40. d7 Bc7
41. Nc6 hxg3 42. hxg3 1-0

[Event "Veteranklassen 2014"]
[Site "Skorping"]
[Date "2014.04.18"]
[Round "2"]
[White "Filskov, Sten"]
[Black "Niebuhr, Poul Erik"]
[Result "1-0"]
[WhiteElo "1616"]
[BlackElo "1730"]
[PlyCount "73"]
[EventDate "2014.??.??"]

1. e4 e6 2. d4 d5 3. e5 c5 4. c3 Nc6 5. f4 Qb6 6. Nf3 cxd4 7. cxd4 Bb4+ 8. Nc3
Nge7 9. a3 Bxc3+ 10. bxc3 O-O 11. Bd3 h6 12. Qc2 Bd7 13. Rb1 Qc7 14. g4 Na5 15.
Rg1 Rac8 16. Bd2 g6 17. f5 exf5 18. gxf5 Kh8 19. Nh4 g5 20. f6 Nec6 21. Qd1
Nxe5 22. Bc2 Ng4 23. Rxg4 Qxh2 24. Nf5 Bxf5 25. Bxf5 Rce8+ 26. Kf1 Nc4 27. Rg2
Qh1+ 28. Kf2 Qh4+ 29. Kg1 Ne3 30. Bxe3 Rxe3 31. Qg4 Qxg4 32. Rxg4 Rfe8 33. Rg2
Rf3 34. Rf1 Ree3 35. Rxf3 Rxf3 36. Rf2 Rxc3 37. Re2 1-0

[Event "Veteranklassen 2014"]
[Site "Skorping"]
[Date "2014.04.18"]
[Round "2"]
[White "Hansen, Max Erik"]
[Black "Rendlev, Niels Moller"]
[Result "1/2-1/2"]
[WhiteElo "1857"]
[BlackElo "1652"]
[PlyCount "55"]
[EventDate "2014.??.??"]

1. d4 Nf6 2. Nc3 g6 3. e4 d6 4. f4 Bg7 5. Nf3 c6 6. Be2 O-O 7. e5 dxe5 8. dxe5
Qxd1+ 9. Bxd1 Nd5 10. Nxd5 cxd5 11. O-O Nc6 12. c3 Bd7 13. Be3 Rac8 14. Bb3 e6
15. Rfd1 Rfd8 16. Rd2 b6 17. Rad1 Na5 18. g4 Nc4 19. Bxc4 Rxc4 20. Rd4 Rdc8 21.
Kf2 Bb5 22. f5 h6 23. fxe6 fxe6 24. Rxc4 Rxc4 25. Rd4 g5 26. Rxc4 Bxc4 27. a3
Kf7 28. Bd4 1/2-1/2

[Event "Veteranklassen 2014"]
[Site "Skorping"]
[Date "2014.04.18"]
[Round "2"]
[White "Jarlnaes, Erik"]
[Black "Ostergaard, Ole"]
[Result "1-0"]
[WhiteElo "1795"]
[BlackElo "1620"]
[PlyCount "37"]
[EventDate "2014.??.??"]

1. e4 e6 2. d4 b6 3. Nf3 Bb7 4. Bd3 d5 5. exd5 Bxd5 6. c4 Bb7 7. Nc3 Bb4 8. O-O
Ne7 9. Bg5 Bxc3 10. bxc3 h6 11. Bh4 Nd7 12. Re1 c5 13. d5 g5 14. Bg3 Nf8 15.
Ne5 h5 16. Qa4+ Nd7 17. dxe6 fxe6 18. Rad1 Bc8 19. Nc6 1-0

[Event "Veteranklassen 2014"]
[Site "Skorping"]
[Date "2014.04.18"]
[Round "2"]
[White "Laursen, Bjorn"]
[Black "Stald, Flemming"]
[Result "1/2-1/2"]
[WhiteElo "1721"]
[BlackElo "1869"]
[PlyCount "37"]
[EventDate "2014.??.??"]

1. d4 Nf6 2. Nc3 e6 3. e4 d6 4. f4 g6 5. Nf3 Bg7 6. Be2 b6 7. e5 Nd5 8. Nxd5
exd5 9. Be3 O-O 10. O-O f6 11. exf6 Qxf6 12. Qd2 Bb7 13. c3 Nc6 14. Bd3 Ne7 15.
g4 Qe6 16. h3 Rae8 17. Rae1 Qd7 18. Qf2 Bc8 19. Qg3 1/2-1/2

[Event "Veteranklassen 2014"]
[Site "Skorping"]
[Date "2014.04.18"]
[Round "2"]
[White "Lichtenberg, Ivan"]
[Black "Christiansen, Niels Jorgen"]
[Result "0-1"]
[WhiteElo "1246"]
[BlackElo "1614"]
[PlyCount "66"]
[EventDate "2014.??.??"]

1. e4 c5 2. Nf3 Nc6 3. d4 cxd4 4. Nxd4 d6 5. Nc3 e5 6. Nb3 Nf6 7. Bg5 Be7 8.
Qd2 h6 9. Bh4 Be6 10. f3 a6 11. O-O-O Bxb3 12. axb3 Nb4 13. Nd5 Nbxd5 14. exd5
Rc8 15. Kb1 Qc7 16. Rc1 O-O 17. g4 Ne4 18. fxe4 Bxh4 19. Qg2 Qb6 20. Bd3 a5 21.
Qh3 Bg5 22. Rcf1 Rc7 23. Qg2 Ra8 24. h4 Bf4 25. c3 Qxb3 26. Qc2 a4 27. g5 Qxc2+
28. Kxc2 hxg5 29. hxg5 Bxg5 30. Ra1 b6 31. Bb5 Rca7 32. Bc6 Rc8 33. Bxa4 Rca8
0-1

[Event "Veteranklassen 2014"]
[Site "Skorping"]
[Date "2014.04.18"]
[Round "2"]
[White "Markussen, Benno Orvad"]
[Black "Pedersen, Kurt"]
[Result "1-0"]
[WhiteElo "1648"]
[BlackElo "1796"]
[PlyCount "89"]
[EventDate "2014.??.??"]

1. d4 Nf6 2. Nf3 d5 3. e3 Bf5 4. Bd3 Bg6 5. Ne5 Bxd3 6. Qxd3 c6 7. Nd2 Nbd7 8.
Ndf3 e6 9. Bd2 Bd6 10. c4 Ne4 11. Nxd7 Qxd7 12. c5 Bc7 13. O-O O-O 14. Ne1 b6
15. f3 Nxd2 16. Qxd2 bxc5 17. dxc5 Qe7 18. Rc1 e5 19. f4 exf4 20. exf4 Rfe8 21.
b4 Qe2 22. Rc2 Qxd2 23. Rxd2 Re4 24. Nd3 Rae8 25. g3 f6 26. Kf2 Kf7 27. Re1 a5
28. a3 Rb8 29. Rxe4 dxe4 30. Ne1 axb4 31. axb4 Ke7 32. Nc2 Rd8 33. Rxd8 Kxd8
34. Nd4 Kd7 35. Ke3 g6 36. Kxe4 f5+ 37. Kd3 h5 38. Nf3 Ke6 39. Kc4 Bb8 40. Kd4
Bc7 41. Kc4 Bb8 42. Nd4+ Kd7 43. b5 cxb5+ 44. Kxb5 Bc7 45. Nf3 1-0

[Event "Veteranklassen 2014"]
[Site "Skorping"]
[Date "2014.04.18"]
[Round "2"]
[White "Mikkelsen, Hans Jorgen"]
[Black "Nielsen, Bent K"]
[Result "1/2-1/2"]
[WhiteElo "1449"]
[BlackElo "1680"]
[PlyCount "61"]
[EventDate "2014.??.??"]

1. e4 c5 2. Nf3 Nc6 3. d4 e6 4. Be3 g6 5. Be2 Bg7 6. c3 cxd4 7. Nxd4 Nf6 8. Nd2
O-O 9. O-O a6 10. a4 d6 11. Qc2 e5 12. Nxc6 bxc6 13. h3 Be6 14. Nc4 Bxc4 15.
Bxc4 Qe7 16. Rfd1 Rad8 17. f3 d5 18. Be2 Nh5 19. Bf1 Ng3 20. Qf2 Nxf1 21. Kxf1
f5 22. exf5 gxf5 23. Qc2 e4 24. f4 Bf6 25. g3 h5 26. Qe2 Qf7 27. Rab1 Rd7 28.
Bd4 Rd6 29. Bxf6 Rxf6 30. Rd2 Qg6 31. Qh2 1/2-1/2

[Event "Veteranklassen 2014"]
[Site "Skorping"]
[Date "2014.04.18"]
[Round "2"]
[White "Ottesen, Soren Rud"]
[Black "Riis, Jens"]
[Result "1-0"]
[WhiteElo "1599"]
[BlackElo "1529"]
[PlyCount "57"]
[EventDate "2014.??.??"]

1. e4 c5 2. Nf3 Nc6 3. d4 cxd4 4. Nxd4 d6 5. Nc3 a6 6. Be3 e6 7. Qd2 Be7 8. Bc4
Bd7 9. Bb3 Nf6 10. f3 O-O 11. O-O-O Rc8 12. Kb1 Na5 13. g4 Nxb3 14. cxb3 Bc6
15. h4 d5 16. e5 Nd7 17. f4 Nc5 18. g5 Ne4 19. Nxe4 dxe4 20. Nxc6 Rxc6 21. Qg2
Qc8 22. Qxe4 Rd8 23. h5 Rxd1+ 24. Rxd1 Bc5 25. Bxc5 Rxc5 26. a3 h6 27. gxh6
gxh6 28. Rg1+ Kh8 29. Qg2 1-0

[Event "Veteranklassen 2014"]
[Site "Skorping"]
[Date "2014.04.18"]
[Round "2"]
[White "Overgaard, Jorgen"]
[Black "Jorgensen, Orla Eilegaard"]
[Result "1/2-1/2"]
[WhiteElo "1666"]
[BlackElo "1511"]
[PlyCount "57"]
[EventDate "2014.??.??"]

1. e4 c5 2. Nc3 d6 3. f4 Nf6 4. Nf3 Nc6 5. Bc4 Na5 6. Qe2 Nxc4 7. Qxc4 a6 8. a4
h6 9. O-O Bg4 10. e5 Be6 11. Qe2 Nd5 12. Nxd5 Bxd5 13. f5 e6 14. c4 Bc6 15.
fxe6 fxe6 16. exd6 Qxd6 17. Ne5 Qd4+ 18. Kh1 O-O-O 19. Nxc6 bxc6 20. Qxe6+ Qd7
21. Qxd7+ Rxd7 22. Ra3 Be7 23. Raf3 Bf6 24. b3 Re8 25. g3 Ree7 26. Re3 Bd4 27.
Rxe7 Rxe7 28. d3 Re2 29. Rf8+ 1/2-1/2

[Event "Veteranklassen 2014"]
[Site "Skorping"]
[Date "2014.04.18"]
[Round "2"]
[White "Pedersen, Frank Svenning"]
[Black "Riis, Niels"]
[Result "1-0"]
[WhiteElo "1534"]
[BlackElo "1070"]
[PlyCount "110"]
[EventDate "2014.??.??"]

1. e4 e5 2. Nf3 Nc6 3. Bc4 Bc5 4. O-O Nf6 5. Nc3 O-O 6. a3 d6 7. d3 Bg4 8. h3
Bd7 9. Bg5 h6 10. Bxf6 Qxf6 11. Nd5 Qd8 12. b4 Bb6 13. c3 Ne7 14. Nxb6 axb6 15.
Qb3 Ng6 16. Kh2 Nf4 17. Qa2 Qc8 18. g4 Bxg4 19. Nh4 Bxh3 20. Rg1 Ne2 21. Ng6
Nxg1 22. Ne7+ Kh8 23. Nxc8 Raxc8 24. Rxg1 Be6 25. Bxe6 fxe6 26. Rf1 Rf4 27.
Qxe6 Rcf8 28. f3 R8f6 29. Qc8+ Kh7 30. Kg3 Rg6+ 31. Kf2 Rgf6 32. Ke2 g5 33.
Qxc7+ Kg6 34. Qc8 h5 35. Qg8+ Kh6 36. Qh8+ Kg6 37. Qg8+ Kh6 38. Qd5 g4 39. Qg8
gxf3+ 40. Kf2 Rg6 41. Qh8+ Kg5 42. Qd8+ Kh6 43. Qh8+ Kg5 44. Qd8+ Rff6 45. Qxb6
Kh6 46. Qe3+ Kg7 47. Rg1 Rxg1 48. Kxg1 h4 49. Kf2 h3 50. Qg5+ Rg6 51. Qe7+ Kh6
52. Qh4+ Kg7 53. Qxh3 Rf6 54. Qd7+ Kg6 55. Qxb7 Kg5 1-0

[Event "Veteranklassen 2014"]
[Site "Skorping"]
[Date "2014.04.18"]
[Round "2"]
[White "Poulsen, Gunner"]
[Black "Eriksen, Allan"]
[Result "1/2-1/2"]
[WhiteElo "1041"]
[BlackElo "1536"]
[PlyCount "94"]
[EventDate "2014.??.??"]

1. d4 f5 2. Bg5 Nf6 3. Bxf6 exf6 4. e3 d5 5. Be2 Bd6 6. Bh5+ g6 7. Be2 O-O 8.
Nc3 c6 9. f4 Be6 10. Nf3 Nd7 11. a3 Qb6 12. b4 Qc7 13. O-O a6 14. Nh4 Bf7 15.
Rb1 Rfe8 16. Qd3 Nb6 17. Qd2 Qd7 18. Rf3 Be6 19. Rg3 Kf7 20. a4 Rg8 21. a5 Nc4
22. Bxc4 dxc4 23. Na4 Rad8 24. Nc5 Qc7 25. Nxe6 Kxe6 26. c3 g5 27. Qa2 Kd5 28.
Nxf5 gxf4 29. Rxg8 Rxg8 30. Nxd6 Qxd6 31. e4+ Kxe4 32. Re1+ Kd5 33. Qf2 Qf8 34.
Qxf4 Qg7 35. Qf5+ Kd6 36. Re2 Kc7 37. Qc5 Kc8 38. Qxc4 Qg5 39. Qe6+ Kb8 40. g3
Rd8 41. Qe7 Kc8 42. Qc5 Qxc5 43. bxc5 Rd7 44. Kf2 Rf7 45. Kf3 Kd7 46. h3 Rg7
47. Re4 h5 1/2-1/2

[Event "Veteranklassen 2014"]
[Site "Skorping"]
[Date "2014.04.19"]
[Round "3"]
[White "Filskov, Sten"]
[Black "Jarlnaes, Erik"]
[Result "1/2-1/2"]
[WhiteElo "1616"]
[BlackElo "1795"]
[PlyCount "85"]
[EventDate "2014.??.??"]

1. e4 e6 2. d4 d5 3. e5 c5 4. c3 Nc6 5. Nf3 cxd4 6. cxd4 Bb4+ 7. Nc3 Qa5 8. Bd2
Nge7 9. a3 Bxc3 10. Bxc3 Qb6 11. Bd3 Nf5 12. Bc2 Bd7 13. O-O O-O 14. g4 Nfe7
15. Qd3 g6 16. h4 f5 17. Nh2 Nd8 18. Qd2 Nec6 19. h5 Kg7 20. hxg6 hxg6 21. Kg2
Rh8 22. Qg5 Nf7 23. Qf6+ Kf8 24. Nf3 Qd8 25. g5 Qxf6 26. gxf6 g5 27. Rh1 g4 28.
Rxh8+ Nxh8 29. Ng5 Nd8 30. Bb4+ Kg8 31. Rh1 Nhf7 32. Rh7 Nxg5 33. Rg7+ Kh8 34.
Rxg5 Nf7 35. Rh5+ Kg8 36. Bd3 Rc8 37. f3 Rc1 38. fxg4 Rd1 39. Be2 Rxd4 40. gxf5
exf5 41. Bc3 Ra4 42. Rh3 f4 43. Rd3 1/2-1/2

[Event "Veteranklassen 2014"]
[Site "Skorping"]
[Date "2014.04.19"]
[Round "3"]
[White "Jorgensen, Orla Eilegaard"]
[Black "Markussen, Benno Orvad"]
[Result "1/2-1/2"]
[WhiteElo "1511"]
[BlackElo "1648"]
[PlyCount "84"]
[EventDate "2014.??.??"]

1. d4 Nf6 2. Bg5 e6 3. c4 d5 4. Nf3 Be7 5. cxd5 exd5 6. e3 c6 7. Nc3 Bf5 8. Bd3
Bxd3 9. Qxd3 Nbd7 10. a4 h6 11. Bf4 O-O 12. h3 Nh5 13. Bh2 Bb4 14. O-O Bxc3 15.
bxc3 f5 16. c4 Qf6 17. cxd5 f4 18. dxc6 Qxc6 19. Rfc1 Qe6 20. Qb5 g5 21. Nxg5
hxg5 22. Qxg5+ Ng7 23. Bxf4 Rf6 24. Rc7 Rg6 25. Qb5 Nb6 26. a5 Nd5 27. Qxb7
Nxc7 28. Bxc7 Re8 29. Bg3 Re7 30. Qf3 Rf7 31. Qe2 Nf5 32. Be5 Nh4 33. Bg3 Nf5
34. Be5 Ne7 35. Rb1 Nc6 36. Bg3 Rf8 37. Qh5 Rf5 38. Qh4 Rg7 39. a6 Qg6 40. Rb7
Rff7 41. Rxf7 Qxf7 42. Qe4 Qd7 1/2-1/2

[Event "Veteranklassen 2014"]
[Site "Skorping"]
[Date "2014.04.19"]
[Round "3"]
[White "Rendlev, Niels Moller"]
[Black "Overgaard, Jorgen"]
[Result "1/2-1/2"]
[WhiteElo "1652"]
[BlackElo "1666"]
[PlyCount "79"]
[EventDate "2014.??.??"]

1. d4 d5 2. f4 f5 3. Nf3 Nf6 4. e3 e6 5. Ne5 Bd6 6. Nd2 O-O 7. Ndf3 c6 8. Bd3
Ne4 9. O-O Bd7 10. Bd2 Be8 11. Be1 Bh5 12. c4 Nd7 13. c5 Be7 14. Nxd7 Qxd7 15.
Be2 Bxf3 16. Bxf3 g5 17. Bxe4 dxe4 18. Bg3 g4 19. Qe1 Qd8 20. h3 gxh3 21. gxh3
Rf6 22. Kh2 Rh6 23. Rg1 Kh8 24. Qe2 Qe8 25. Be1 Qf7 26. Bc3 Bf6 27. Rg3 Rg8 28.
Rag1 Rxg3 29. Rxg3 Rg6 30. Qg2 Rxg3 31. Qxg3 Qg7 32. Qxg7+ Kxg7 33. Kg3 Kg6 34.
a4 Kh5 35. b4 Bh4+ 36. Kg2 a6 37. a5 Kg6 38. Kf1 Kh5 39. Kg2 Kg6 40. Bd2
1/2-1/2

[Event "Veteranklassen 2014"]
[Site "Skorping"]
[Date "2014.04.20"]
[Round "4"]
[White "Jarlnaes, Erik"]
[Black "Pedersen, Kurt"]
[Result "0-1"]
[WhiteElo "1795"]
[BlackElo "1796"]
[PlyCount "152"]
[EventDate "2014.??.??"]

1. e4 c5 2. Nf3 Nc6 3. Bb5 Nd4 4. Nxd4 cxd4 5. O-O a6 6. Bc4 g6 7. d3 Bg7 8.
Bg5 d6 9. Nd2 Nf6 10. h3 O-O 11. f4 Qc7 12. Bb3 b5 13. Qe1 e5 14. fxe5 Nd7 15.
Be7 Nxe5 16. Bxf8 Bxf8 17. Nf3 Nxf3+ 18. Rxf3 Be6 19. Bxe6 fxe6 20. Qd2 Bg7 21.
Raf1 Rc8 22. Qg5 Qd7 23. R1f2 Qe8 24. Qf4 Be5 25. Qh4 h5 26. g4 hxg4 27. hxg4
Qd7 28. Qh6 Qg7 29. Qxg7+ Kxg7 30. Rf7+ Kh6 31. Ra7 Kg5 32. Rxa6 Kxg4 33. Rg2+
Kf3 34. Rf2+ Kg3 35. Rg2+ Kf3 36. Rf2+ Kg3 37. Ra7 g5 38. Rg2+ Kf3 39. Rf2+ Kg3
40. Rg2+ Kf3 41. Rb7 Bf4 42. Rxb5 Be3+ 43. Kf1 e5 44. Rb7 Rf8 45. a4 g4 46. a5
g3 47. Rg7 Bf2 48. a6 Rh8 49. Rxf2+ gxf2 50. Rf7+ Ke3 51. Rxf2 Rh1+ 52. Kg2 Ra1
53. Rf3+ Ke2 54. Rf2+ Ke3 55. Rf7 Rxa6 56. Rc7 Ra2 57. b4 Rb2 58. Rc4 Rb1 59.
Kg3 Rg1+ 60. Kh4 Rg8 61. Rc6 Rb8 62. Rc4 Rg8 63. Kh5 Rg1 64. Rc6 Rb1 65. Rxd6
Rxb4 66. Kg5 Rb2 67. Rc6 Kd2 68. Kf5 Rxc2 69. Rd6 Kxd3 70. Kxe5 Rc4 71. Kd5 Kc3
72. e5 d3 73. e6 Rd4+ 74. Ke5 Rxd6 75. Kxd6 d2 76. e7 d1=Q+ 0-1

[Event "Veteranklassen 2014"]
[Site "Skorping"]
[Date "2014.04.20"]
[Round "4"]
[White "Markussen, Benno Orvad"]
[Black "Filskov, Sten"]
[Result "1-0"]
[WhiteElo "1648"]
[BlackElo "1616"]
[PlyCount "135"]
[EventDate "2014.??.??"]

1. c4 Nf6 2. Nc3 c5 3. g3 e6 4. Bg2 d5 5. cxd5 Nxd5 6. Qb3 Nxc3 7. bxc3 Qc7 8.
d3 Nc6 9. Nf3 Bd6 10. O-O O-O 11. Nd2 Bd7 12. Ne4 Be7 13. Be3 b6 14. Rfd1 Na5
15. Qc2 Bc6 16. d4 f5 17. Nd2 Bxg2 18. Kxg2 cxd4 19. Bxd4 e5 20. Be3 Rac8 21.
Nb3 Qc6+ 22. f3 Bb4 23. Nxa5 Bxa5 24. Qb3+ Kh8 25. Rac1 b5 26. Rd5 f4 27. Rc5
Qf6 28. Rxc8 Rxc8 29. Bxa7 Qc6 30. Bf2 fxg3 31. hxg3 e4 32. Bd4 exf3+ 33. exf3
Rf8 34. Rf1 Bc7 35. Qd1 Qc4 36. Qd2 Re8 37. Rf2 Rd8 38. Qg5 Rg8 39. Rb2 b4 40.
Qe3 bxc3 41. Bxc3 Bd8 42. Qd4 Qc6 43. Qd3 Bf6 44. Bxf6 Qxf6 45. Rd2 h6 46. a4
Qb6 47. Qb5 Qxb5 48. axb5 Rb8 49. Rb2 Kg8 50. Kf2 Kf7 51. Ke3 Ke6 52. Ke4 g6
53. b6 Kd6 54. b7 Kc7 55. Rb3 Re8+ 56. Kd5 Rd8+ 57. Ke6 Kb8 58. Ke7 Rd5 59. Rb6
Rg5 60. g4 h5 61. Kf6 Rc5 62. Kxg6 hxg4 63. fxg4 Rc2 64. g5 Rh2 65. Kg7 Rc2 66.
g6 Rh2 67. Kf7 Rf2+ 68. Rf6 1-0

[Event "Veteranklassen 2014"]
[Site "Skorping"]
[Date "2014.04.20"]
[Round "4"]
[White "Laursen, Bjorn"]
[Black "Ostergaard, Ole"]
[Result "1-0"]
[WhiteElo "1721"]
[BlackElo "1620"]
[PlyCount "87"]
[EventDate "2014.??.??"]

1. d4 b6 2. e4 Bb7 3. Nc3 e6 4. f4 Bb4 5. Bd3 f5 6. Qe2 Nf6 7. e5 Nd5 8. Bd2
Nc6 9. Nf3 Nce7 10. a3 Bxc3 11. bxc3 c5 12. O-O Ng6 13. g3 h5 14. h4 Rh6 15.
Ng5 Nh8 16. c4 Ne7 17. dxc5 bxc5 18. Be3 Qc7 19. Qf2 Qc6 20. Kh2 Rc8 21. Be2
Qc7 22. Rfd1 Nf7 23. Nxf7 Kxf7 24. Rd6 Rhh8 25. Bf3 Bxf3 26. Qxf3 Nc6 27. Rad1
Rcd8 28. Qf2 Na5 29. Qe2 Nb7 30. R6d3 g6 31. Rb1 d6 32. Rdb3 Na5 33. Rb5 Rb8
34. exd6 Qxd6 35. Bxc5 Qc7 36. Qe5 Qxe5 37. fxe5 Rxb5 38. Rxb5 Nxc4 39. Rb7+
Kg8 40. Rxa7 Nxe5 41. Ra8+ Kh7 42. Rxh8+ Kxh8 43. Bd4 Kg8 44. Bxe5 1-0

[Event "Veteranklassen 2014"]
[Site "Skorping"]
[Date "2014.04.21"]
[Round "5"]
[White "Pedersen, Kurt"]
[Black "Jorgensen, Orla Eilegaard"]
[Result "1/2-1/2"]
[WhiteElo "1796"]
[BlackElo "1511"]
[PlyCount "45"]
[EventDate "2014.??.??"]

1. d4 d5 2. Nf3 Nf6 3. c4 c6 4. Nc3 Bf5 5. Bg5 e6 6. e3 h6 7. Bh4 Nbd7 8. Qb3
Qc7 9. cxd5 cxd5 10. Bb5 Be7 11. Rc1 a6 12. O-O Qd8 13. Be2 b5 14. Bxf6 Bxf6
15. a4 bxa4 16. Nxa4 O-O 17. Rc6 Rb8 18. Qc3 Nb6 19. Nxb6 Rxb6 20. Bxa6 Qb8 21.
Rc1 Rxc6 22. Qxc6 Qxb2 23. h3 1/2-1/2

[Event "Veteranklassen 2014"]
[Site "Skorping"]
[Date "2014.04.21"]
[Round "5"]
[White "Laursen, Bjorn"]
[Black "Markussen, Benno Orvad"]
[Result "1-0"]
[WhiteElo "1721"]
[BlackElo "1648"]
[PlyCount "87"]
[EventDate "2014.??.??"]

1. d4 Nf6 2. Nc3 d5 3. Bg5 e6 4. e4 dxe4 5. Nxe4 Be7 6. Bxf6 Bxf6 7. Nf3 Nd7 8.
c3 g6 9. Bd3 c6 10. Qc2 Qe7 11. h4 h6 12. O-O-O Bg7 13. g4 Nf6 14. Ne5 Nxe4 15.
Bxe4 Bxe5 16. dxe5 Bd7 17. Rd6 Kf8 18. Rhd1 Be8 19. Qb3 Rc8 20. Kb1 Kg7 21. f3
Rc7 22. h5 Bd7 23. Qc2 Bc8 24. hxg6 fxg6 25. Bxg6 Qg5 26. Bh5 Rf8 27. Qd3 Kh8
28. Rd8 Qxd8 29. Qxd8 Rxd8 30. Rxd8+ Kg7 31. Kc2 Bd7 32. Kd2 c5 33. Be8 Bxe8
34. Rxe8 Rd7+ 35. Ke2 Kf7 36. Rc8 b6 37. Ke3 Re7 38. a4 Rb7 39. f4 a6 40. f5
exf5 41. gxf5 b5 42. a5 c4 43. Rc6 Rd7 44. e6+ 1-0

[Event "Veteranklassen 2014"]
[Site "Skorping"]
[Date "2014.04.21"]
[Round "5"]
[White "Stald, Flemming"]
[Black "Overgaard, Jorgen"]
[Result "1-0"]
[WhiteElo "1869"]
[BlackElo "1666"]
[PlyCount "161"]
[EventDate "2014.??.??"]

1. d4 d5 2. Nf3 e6 3. c4 f5 4. Nc3 c6 5. Bf4 Nf6 6. e3 Be7 7. Qc2 O-O 8. c5 Ne4
9. Be2 Nd7 10. Nd2 g5 11. Ndxe4 gxf4 12. Nd2 fxe3 13. fxe3 Bg5 14. Nf1 e5 15.
Bd3 exd4 16. exd4 Qe7+ 17. Ne2 f4 18. Nd2 Bh4+ 19. Kd1 Nf6 20. h3 Re8 21. Nf3
Ne4 22. Bxe4 dxe4 23. Ne5 Bf5 24. Rf1 Bg5 25. Nxf4 Rad8 26. Qc4+ Kg7 27. Nh5+
Kh6 28. Nf7+ Kg6 29. Nxd8 Rxd8 30. Nf4+ Bxf4 31. Rxf4 Qe5 32. Ke2 Qxf4 33. Rf1
Qg5 34. g4 Bxg4+ 35. hxg4 Qxg4+ 36. Kd2 Rd5 37. Kc3 h5 38. b4 a6 39. a4 Qg3+
40. Kd2 Qg2+ 41. Ke3 Qg4 42. Qc1 Qg5+ 43. Kxe4 Qxc1 44. Rxc1 h4 45. b5 h3 46.
Rh1 Rh5 47. bxc6 bxc6 48. Kf4 Rd5 49. Rxh3 Rxd4+ 50. Ke5 Rd5+ 51. Ke6 Rxc5 52.
Rg3+ Kh5 53. Re3 Rc1 54. Kd6 Kg4 55. Re5 Rc4 56. Ra5 c5 57. Rxa6 Rc1 58. Kd5
Kf4 59. a5 Ke3 60. Rc6 c4 61. Rxc4 Ra1 62. Rc5 Ra4 63. Kc6 Kd4 64. Rh5 Kc3 65.
Kb6 Rb4+ 66. Rb5 Rh4 67. a6 Kc4 68. Rb1 Rh6+ 69. Ka5 Rh5+ 70. Ka4 Rh6 71. Rc1+
Kd5 72. Kb5 Rh2 73. Rd1+ Ke6 74. Rb1 Rh8 75. Kc6 Rd8 76. Re1+ Kf6 77. Kc7 Rd2
78. Rb1 Rc2+ 79. Kb7 Rd2 80. a7 Rd7+ 81. Ka6 1-0